|
|
|
|
| LEADER |
00000nab a2200000 a 4500 |
| 001 |
vtls000841176 |
| 003 |
SK-MaSNL |
| 005 |
20260304104422.0 |
| 008 |
250429c2003 xo 0 slo |
| 015 |
|
|
|a SNBRB2003/08-21395
|
| 035 |
|
|
|a CLN000192831
|
| 035 |
|
|
|a urn:nbn:sk:snk-aberoa
|
| 035 |
|
|
|a (urnnbn)urn:nbn:sk:snk:ar-000bg1
|
| 035 |
|
|
|a (uuid)e7268c5c-e89d-4be6-918b-0d62218761d4
|
| 040 |
|
|
|a SNKBUCL
|b slo
|c SNKBUCL
|e AACR2
|
| 041 |
0 |
|
|a slo
|
| 044 |
|
|
|a xo
|c SK
|
| 080 |
|
|
|a 821.162.1-1
|2 1997
|
| 100 |
1 |
|
|a Szymborska, Wisława,
|d 1923-2012
|4 aut
|9 157116
|
| 245 |
1 |
0 |
|a [Básne]
|c Wisława Szymborska ; preložil Vlastimil Kovalčík
|
| 500 |
|
|
|a Poznámka V.K.
|
| 505 |
1 |
|
|a Chvíľa -- V zátrase -- Mraky -- Slúchadlo -- Platón, čiže, Prečo -- Malé dievčatko sťahuje obrus -- Fotografia z 11. septembra -- Všetko
|
| 650 |
0 |
7 |
|a reflexívne básne, poľské
|2 snkbucl
|9 73160
|
| 655 |
|
7 |
|a články z novín a časopisov
|2 snkbucl
|9 267496
|
| 655 |
|
7 |
|a články z odboru literárna veda a krásna literatúra
|2 snkbucl
|9 770045
|
| 700 |
1 |
|
|a Kovalčík, Vlastimil,
|d 1939-
|4 trl
|9 102390
|
| 700 |
1 |
|
|a V.K.
|4 anr
|9 859573
|
| 773 |
0 |
|
|t Slovenské pohľady
|g Roč. 4+119, č. 7-8 (2003), s. 120-127
|x 1335-7786
|
| 850 |
|
|
|a Slovenská národná knižnica
|
| 852 |
|
|
|a Slovenská národná knižnica
|
| 958 |
|
|
|a article27
|
| 958 |
|
|
|a LX
|
| 958 |
|
|
|a PL
|
| 958 |
|
|
|a OND
|
| 958 |
|
|
|a EUIPO
|
| 992 |
|
|
|a RBX
|
| 999 |
|
|
|c 2851651
|d 2853581
|